Obálka Náhled e-knihy:
PDF Epub
Pro půjčování e-knih musíte být přihlášeni.
Jak si půjčit online?

Jiskra /

Román mladé polské autorky o zdánlivě banálním studijním pobytu osmnáctileté Elizabeth v Anglii rozplétá složité mezilidské vztahy a odkrývá skrytá tajemství polozapomenutých rodinných pout.

Uloženo v:
Série:Řetěz, část 1
Hlavní autor: Rutka, Monika (Autor)
Další autoři: Páralová Tardy, Markéta, 1981- (Autor)
Médium: E-kniha
Jazyk:Czech
Vydáno: Praha : Dobrovský s.r.o., 2025
Edice:Red
Témata:
Příbuzné jednotky:Z cyklu:: Řetěz
Tagy:
Žádné tagy
LEADER 02680nam a2200505 i 4500
001 312636
003 CZ PrSKC
005 20260601215726.0
007 ta
008 250206s2025 xr g 000 f cze
015 |a cnb003567443 
020 |a 9788027722792  |q (brožováno) :  |c Kč 499,00 
035 |a (OCoLC)1519101252 
040 |a ABG001  |b cze  |e rda 
041 1 |a cze  |h pol 
072 7 |a 821.162.1  |x Polská literatura  |2 Konspekt 
080 |a 821.162.1-31  |2 MRF 
080 |a (0:82-312.5)  |2 MRF 
080 |a (0:82-31)-055.2  |2 MRF 
100 1 |a Rutka, Monika  |7 jo20241247522  |4 aut 
240 1 0 |a Spark.  |l Česky 
245 1 0 |a Jiskra /  |c Monika Rutka ; přeložila Markéta Páralová Tardy 
264 1 |a Praha :  |b Dobrovský s.r.o.,  |c 2025 
300 |a 537 stran ;  |c 20 cm 
336 |a text  |b txt  |2 rdacontent 
337 |a bez média  |b n  |2 rdamedia 
338 |a svazek  |b nc  |2 rdacarrier 
490 1 |a Red 
500 |a Přeloženo z polštiny 
520 2 |a Román mladé polské autorky o zdánlivě banálním studijním pobytu osmnáctileté Elizabeth v Anglii rozplétá složité mezilidské vztahy a odkrývá skrytá tajemství polozapomenutých rodinných pout.  |b Elizabeth Parkerová opouští uprostřed školního roku prosluněné kalifornské pláže a odlétá do deštivé Anglie. Tam se ubytuje u naprosto cizích lidí, s nimiž má strávit následující měsíce. Crosby se jí od první chvíle jeví jako ideální místo. Koneckonců, kde by našla lepší skrýš než v malém přímořském městečku, u rodiny, která pro ni znamená bezpečný ostrov? Ale co když Crosby vůbec není koncem světa? A měl Elizabethin otec nějaké důvody k tomu, že pro ni vybral právě tento dům? Nakladatelská anotace. Kráceno. 
653 0 |a literatura new adult 
655 7 |a polské romány  |7 fd133084  |2 czenas 
655 7 |a milostné romány  |7 fd132840  |2 czenas 
655 7 |a romány pro ženy  |7 fd187897  |2 czenas 
655 9 |a Polish fiction  |2 eczenas 
655 9 |a love novels  |2 eczenas 
655 9 |a women's novels  |2 eczenas 
700 1 |a Páralová Tardy, Markéta,  |d 1981-  |7 xx0087325  |4 trl 
787 0 8 |i Z cyklu:  |t Řetěz  |g 1 
830 0 |a Red 
900 |a ABA001  |b 21 
044 |a xr 
910 |a RBIT002 
998 |d 417305  |a https://core.palmknihy.cz/api/books/417305/cover?sric5h  |b https://core.palmknihy.cz/api/books/417305/cover/400?sric5h  |c https://core.palmknihy.cz/api/books/417305/cover/50?sric5h  |e 2028-02-01  |g 544  |i 9788027722792  |j https://core.palmknihy.cz/api/books/417305/preview.epub  |k https://core.palmknihy.cz/api/books/417305/preview.pdf  |l   |q 49  |r 1  |s https://www.palmknihy.cz/kniha/417305  |t ebook  |y 2025  |z 0  |v Řetěz  |w 1 
999 |d 312634